Quizz Dark Romance - Statistiques

Statistiques générales
  • Ce quiz a été pris 1 306 fois
  • Le résultat moyen est 10 sur 15
Statistiques - réponses
Question Réponse % Correct
De quel livre livre Ash et Ella sont ils les protagonistes ? Captive
98%
De quel Livre Kai et Iris sont ils les protagonistes ? Lakestone
96%
Dans ce même livre, quel est le chiffre préferé de Iris ? 657
82%
Dans cette même saga, lequel des garçons sort avec Avalone ? Clarke
80%
Dans ce même livre, de quel animal Ben a t'il peur ? Kangourou
80%
De quel livre livre Shayn et June sont ils les protagonistes ? Trouble Maker de Laura Swan
80%
Dans le livre Valentina, comment s'appelle le protagoniste principal ? Preto
78%
Dans ce même roman, Shayn est professeur. Quelle matière enseigne t'il ? Mathématique
65%
Dans la saga The devil's sons, quelle mythologie est abordé ? Nordique
64%
Quel est le deuxième "métier" de Shayn ? Cambrioleur
61%
Qui harcèle June à l'école ? Holly - Aubrey - Heize
55%
Pour combien Valentina et Paloma ont elles volé de drogue ? 2 Millions
50%
Dans cette même saga, comment s'appellent les protagonites masculins ? Michael - Kai - Damon - Will
50%
Dans cette même saga, quel garçon est amoureux d'Avalone en secret ? Jesse
46%
Dans les romans de Pénélope Douglas,The devil's night. Combien y a t'il de tomes ? 4 + 2 demi tomes
42%
Aucun quiz correspondant
Distribution des résultats
% des personnes avec chaque résultat
Percentile par nombre de réponses
Votre historique - résultats
Vous n’avez pas pris ce quiz